| 000 | 00789cam a2200241I 4500 | ||
|---|---|---|---|
| 001 | 4730355 | ||
| 003 | ARRUPE | ||
| 005 | 20150218134038.0 | ||
| 008 | 740409s1910 enk 000 0 eng d | ||
| 035 | _a(OCoLC)ocm00851928 | ||
| 035 | _a(NNC)4730355 | ||
| 040 |
_aNYG _cNYG |
||
| 098 | _aJm | ||
| 100 | 1 |
_aChapman, William, _dactive 1883-1884. _915321 |
|
| 245 | 1 | 2 |
_aA pathfinder in South Central Africa; _ba story of pioneer missionary work and adventure. _cWilliam Chapman |
| 260 |
_aLondon, _bHammond _c[1910] |
||
| 300 |
_axv, 385 p. _billus., ports. _c19 cm. |
||
| 650 | 0 |
_aBaila _zNorthern Rhodesia _xBalonga Missions _915322 |
|
| 650 | 0 |
_aBaila (Afican people) _915323 |
|
| 650 | 0 |
_aPrimitive methodism _zNorthen Rhodesia _xmissions _915324 |
|
| 942 |
_2lcc _cSPC |
||
| 999 |
_c122108 _d122108 |
||